000 01045cam a2200253 i 4500
003 SA-RiAUC
005 20260210135143.0
008 260205s1987 ua g 00000 ara c
040 _aSA-JeALM
_bara
_cSA-RiAUC
_erda
082 0 4 _a255
090 _a255
_bهـ ن د
100 1 _aهندي، السيد عبد العزيز.
_eمؤلف.
245 1 0 _aأضواء على تقنين الشريعة الإسلامية :
_bالجريمة والعقاب في الشريعة الإسلامية /
_cالسيد عبد العزيز هندي.
264 1 _aالقاهرة :
_bدار الهداية،
_bدار الصحوة .
_c1987
300 _aمجلد ؛
_c24 سم
336 _aنص
_btxt
_2rdacontent
_3كتاب
337 _aبدون وسيط
_bn
_2rdamedia
650 7 _aالجريمة والمجرمون
_2aucsh
650 7 _aالعقوبات (فقه إسلامي)
_2aucsh
650 7 _aالشريعة الإسلامية
_2aucsh
650 0 7 _aالفقه الإسلامي
_2aucsh
942 _2ddc
_cBOOK
_n0
949 _aSA-JeALM
_d260205
_uosman123
_n1
999 _c14284
_d14284